Hội nghị phương pháp giảng dạy, NCKH trong cán bộ trẻ

Nội dung hội nghị nhằm thúc đẩy vai trò, trách nhiệm của các đồng chí cán bộ trẻ luôn năng động, sáng tạo đi đầu trong việc cải tiến phương pháp giảng dạy theo hướng tích cực và nâng cao khả năng nghiên cứu khoa học....

Deskribapen osoa

Gorde:
Xehetasun bibliografikoak
Erakunde egilea: Trường Đại học Cần Thơ
Formatua: Liburua
Hizkuntza:Undetermined
Argitaratua: Cần Thơ Trường Đại học Cần Thơ 2004
Gaiak:
Etiketak: Etiketa erantsi
Etiketarik gabe, Izan zaitez lehena erregistro honi etiketa jartzen!
Thư viện lưu trữ: Trung tâm Học liệu Trường Đại học Cần Thơ
LEADER 00978nam a2200193Ia 4500
001 CTU_206486
008 210402s9999 xx 000 0 und d
082 |a 378.007 
082 |b Tr561 
110 |a Trường Đại học Cần Thơ 
245 0 |a Hội nghị phương pháp giảng dạy, NCKH trong cán bộ trẻ 
245 0 |c Trường Đại học Cần Thơ 
260 |a Cần Thơ 
260 |b Trường Đại học Cần Thơ 
260 |c 2004 
520 |a Nội dung hội nghị nhằm thúc đẩy vai trò, trách nhiệm của các đồng chí cán bộ trẻ luôn năng động, sáng tạo đi đầu trong việc cải tiến phương pháp giảng dạy theo hướng tích cực và nâng cao khả năng nghiên cứu khoa học. 
650 |a Education, Higher,Giáo dục đại học 
904 |i Tuyến 
980 |a Trung tâm Học liệu Trường Đại học Cần Thơ